[Event "59.Camp. Veneto Quarti di Finale"]
[Site "Venezia Canal"]
[Date "1999.05.15"]
[Round "3.4"]
[White "Zarpellon, Daniel"]
[Black "Renier, Renzo"]
[Result "0-1"]
[WhiteElo "1642"]
[BlackElo "1917"]
[Annotator "Gabriele Ballarin"]
[PlyCount "76"]
[EventDate "1999.05.14"]
[EventType "swiss"]
[EventCountry "ITA"]
[SourceTitle "CBM 001"]
[Source "ChessBase"]
[SourceDate "2004.01.01"]
[SourceVersion "1"]
[SourceVersionDate "2004.01.01"]
[SourceQuality "1"]

1. e4 c5 2. Nf3 d6 3. Bb5+ Bd7 4. Bxd7+ Qxd7 5. O-O Nf6 6. Qe2 Nc6 7. c3 e6 8. d4 cxd4 9. Nxd4 Nxd4 10. cxd4 Be7 11. Nc3 O-O 12. Be3 a6 13. a4 Rac8 14. Rac1 d5 15. e5 Ne4 16. Nxe4 dxe4 17. Qg4 Rfd8 18. Qxe4 b5 19. Qd3 Qd5 20. axb5 axb5 21. h3 h6 22. f4 Rc4 23. Rxc4 bxc4 24. Qc2 g6 25. Rc1 Rc8 26. Kh2 Bb4 27. Bd2 Rb8 28. Bxb4 Rxb4 29. Qd2 Qb7 30. Rc2 Qb5 31. g4 Rb3 32. Qc1 Qd5 33. Rxc4 Qf3 34. Rc3 Qf2+ 35. Kh1 Rxb2 36. Qg1 Qxf4 37. Rg3 Qe4+ 38. Rg2 Rb1 0-1

[Event "59.Camp. Veneto Quarti di Finale"]
[Site "Venezia Canal"]
[Date "1999.05.15"]
[Round "3.5"]
[White "Battagin_214, Mosè"]
[Black "Viola, Matteo"]
[Result "1/2-1/2"]
[WhiteElo "1897"]
[BlackElo "1880"]
[Annotator "Gabriele Ballarin"]
[PlyCount "40"]
[EventDate "1999.05.14"]
[EventType "swiss"]
[EventCountry "ITA"]
[SourceTitle "CBM 001"]
[Source "ChessBase"]
[SourceDate "2004.01.01"]
[SourceVersion "1"]
[SourceVersionDate "2004.01.01"]
[SourceQuality "1"]

1. e4 e5 2. Nf3 Nc6 3. Bb5 a6 4. Ba4 Nf6 5. O-O Be7 6. Re1 b5 7. Bb3 O-O 8. d4 Nxd4 9. Nxd4 exd4 10. e5 Ne8 11. Qxd4 c5 12. Qe4 Ra7 13. c3 Bb7 14. Qe2 d5 15. Bc2 Qd7 16. Nd2 Nc7 17. f4 f5 18. a4 Raa8 19. Nf3 g6 20. Rd1 Rfd8 1/2-1/2

[Event "59.Camp. Veneto Quarti di Finale"]
[Site "Venezia Canal"]
[Date "1999.05.15"]
[Round "3.6"]
[White "Rossi, Gianni"]
[Black "Di Giacomo, Antonio"]
[Result "1-0"]
[WhiteElo "1722"]
[BlackElo "1552"]
[Annotator "Gabriele Ballarin"]
[PlyCount "61"]
[EventDate "1999.05.14"]
[EventType "swiss"]
[EventCountry "ITA"]
[SourceTitle "CBM 001"]
[Source "ChessBase"]
[SourceDate "2004.01.01"]
[SourceVersion "1"]
[SourceVersionDate "2004.01.01"]
[SourceQuality "1"]

1. d4 Nf6 2. f3 d5 3. e4 dxe4 4. Nc3 e6 5. fxe4 c6 6. Nf3 Bb4 7. Bd3 b6 8. Qe2 a5 9. a3 Be7 10. O-O Ba6 11. Bg5 Bxd3 12. Qxd3 Nbd7 13. e5 Nd5 14. Nxd5 cxd5 15. Qd2 h6 16. Be3 b5 17. c3 a4 18. Qf2 O-O 19. Qg3 Kh7 20. Qh3 Qe8 21. Rf2 Ra7 22. Raf1 Nb6 23. g4 Nc4 24. Bc1 Rg8 25. g5 Bf8 26. Kh1 Rh8 27. gxh6 Kg8 28. Qg4 g6 29. Ng5 Bxh6 30. Nxf7 Rxf7 31. Qxg6+ 1-0

[Event "59.Camp. Veneto Quarti di Finale"]
[Site "Venezia Canal"]
[Date "1999.05.15"]
[Round "3.7"]
[White "Quaranta, Gaetano"]
[Black "Pavon, Michele"]
[Result "1/2-1/2"]
[WhiteElo "1588"]
[BlackElo "1609"]
[Annotator "Gabriele Ballarin"]
[PlyCount "39"]
[EventDate "1999.05.14"]
[EventType "swiss"]
[EventCountry "ITA"]
[SourceTitle "CBM 001"]
[Source "ChessBase"]
[SourceDate "2004.01.01"]
[SourceVersion "1"]
[SourceVersionDate "2004.01.01"]
[SourceQuality "1"]

1. e4 c5 2. d4 cxd4 3. c3 dxc3 4. Nxc3 Nc6 5. Nf3 d6 6. Bc4 e6 7. O-O Be7 8. Qe2 Bd7 9. Rd1 a6 10. Bf4 e5 11. Bg3 Nf6 12. Rac1 O-O 13. Nd5 Nxd5 14. Bxd5 Qb6 15. Bb3 Bg4 16. Kh1 Rac8 17. h3 Bxf3 18. Qxf3 Nd4 19. Qe3 Qb4 20. Rc3 1/2-1/2

[Event "59.Camp. Veneto Quarti di Finale"]
[Site "Venezia Canal"]
[Date "1999.05.15"]
[Round "3.8"]
[White "Salata, Alessio"]
[Black "De Donatis, Daniele"]
[Result "0-1"]
[WhiteElo "1552"]
[BlackElo "1600"]
[Annotator "Gabriele Ballarin"]
[PlyCount "114"]
[EventDate "1999.05.14"]
[EventType "swiss"]
[EventCountry "ITA"]
[SourceTitle "CBM 001"]
[Source "ChessBase"]
[SourceDate "2004.01.01"]
[SourceVersion "1"]
[SourceVersionDate "2004.01.01"]
[SourceQuality "1"]

1. d4 Nf6 2. Nf3 e6 3. e3 a6 4. Bd3 c5 5. c3 cxd4 6. exd4 Nc6 7. O-O d6 8. Re1 Be7 9. Nbd2 O-O 10. Ne4 Nxe4 11. Bxe4 d5 12. Bc2 Bd7 13. Ne5 Nxe5 14. Rxe5 f5 15. Re3 Bg5 16. Rh3 Bxc1 17. Rxc1 Qf6 18. Qh5 h6 19. Re1 Rae8 20. Re5 Re7 21. Qe2 Rfe8 22. Rg3 g6 23. Qd2 Kh7 24. h4 Rg8 25. Bd1 Reg7 26. Rh3 g5 27. h5 g4 28. Rh1 Be8 29. Qe3 Re7 30. Bc2 Rg5 31. Rh4 Kg7 32. Bb3 Kf8 33. c4 dxc4 34. Bxc4 Bd7 35. Be2 Bc6 36. Qf4 Reg7 37. Bc4 Bd7 38. Re3 Re7 39. Qb8+ Kf7 40. Qd6 Rg8 41. g3 Rc8 42. Rc3 Rc6 43. Qf4 b5 44. Bb3 Kg7 45. f3 gxf3 46. Rxf3 e5 47. dxe5 Rxe5 48. Rh2 Re1+ 49. Rf1 Rcc1 50. Rhf2 Rxf1+ 51. Rxf1 Rxf1+ 52. Kxf1 Be8 53. Qf3 Bc6 54. Qe2 Qd6 55. Qf2 Qd3+ 56. Kg1 Qb1+ 57. Kh2 Qh1# 0-1

[Event "59.Camp. Veneto Quarti di Finale"]
[Site "Venezia Canal"]
[Date "1999.05.15"]
[Round "3.9"]
[White "Pechy, Alaster"]
[Black "Ceccherini, Paolo"]
[Result "1-0"]
[WhiteElo "1597"]
[BlackElo "1606"]
[Annotator "Gabriele Ballarin"]
[PlyCount "99"]
[EventDate "1999.05.14"]
[EventType "swiss"]
[EventCountry "ITA"]
[SourceTitle "CBM 001"]
[Source "ChessBase"]
[SourceDate "2004.01.01"]
[SourceVersion "1"]
[SourceVersionDate "2004.01.01"]
[SourceQuality "1"]

1. b3 e5 2. Bb2 Nc6 3. c4 Bc5 4. Nc3 d6 5. e3 Be6 6. Na4 Nge7 7. Nxc5 dxc5 8. d3 O-O 9. Nf3 Ng6 10. Be2 f5 11. d4 e4 12. d5 exf3 13. Bxf3 Nce5 14. Bxe5 Nxe5 15. dxe6 Qxd1+ 16. Rxd1 Nxf3+ 17. gxf3 Rfe8 18. Rd5 Rxe6 19. Rxf5 c6 20. Ke2 b6 21. h4 Rd8 22. Rd1 Rxd1 23. Kxd1 g6 24. Rg5 Kg7 25. f4 Kf6 26. Ke2 h6 27. Rg1 Kf5 28. f3 Rd6 29. Rg4 Re6 30. Kf2 a6 31. Rg1 Rd6 32. Ke2 Rf6 33. Rd1 Rf8 34. Rd6 Rc8 35. Kf2 Re8 36. Rxc6 Re6 37. e4+ Kf6 38. Rxe6+ Kxe6 39. Kg3 h5 40. f5+ gxf5 41. Kf4 fxe4 42. fxe4 Kf6 43. e5+ Ke6 44. Ke4 b5 45. a4 bxa4 46. bxa4 a5 47. Kf4 Ke7 48. Kf5 Kf7 49. e6+ Ke7 50. Ke5 1-0

[Event "59.Camp. Veneto Quarti di Finale"]
[Site "Venezia Canal"]
[Date "1999.05.16"]
[Round "4.2"]
[White "Roberti, Ignazio"]
[Black "Rosino, Antonio"]
[Result "0-1"]
[WhiteElo "1652"]
[BlackElo "2275"]
[Annotator "Gabriele Ballarin"]
[PlyCount "90"]
[EventDate "1999.05.14"]
[EventType "swiss"]
[EventCountry "ITA"]
[SourceTitle "CBM 001"]
[Source "ChessBase"]
[SourceDate "2004.01.01"]
[SourceVersion "1"]
[SourceVersionDate "2004.01.01"]
[SourceQuality "1"]

1. e4 e5 2. Nf3 Nc6 3. Bb5 a6 4. Ba4 Nf6 5. O-O Be7 6. Re1 b5 7. Bb3 d6 8. c3 O-O 9. h3 Na5 10. Bc2 c5 11. d4 Qc7 12. Nbd2 cxd4 13. cxd4 Bb7 14. Nf1 Rac8 15. Bb1 Rfe8 16. Bg5 h6 17. Bxh6 gxh6 18. Qd2 Bf8 19. Ng3 Nc4 20. Qe2 d5 21. exd5 exd4 22. Qd3 Rxe1+ 23. Nxe1 Bg7 24. Bc2 Bxd5 25. Nf5 Be4 26. Qxd4 Rd8 27. Nxh6+ Kf8 28. Qc3 Nd5 29. Qb3 Bxc2 30. Nxc2 Bxh6 31. Nd4 Qf4 32. Rd1 Bg7 33. Nf3 Rd6 34. a4 Ndb6 35. axb5 axb5 36. Qb4 Kg8 37. Rxd6 Qxd6 38. Qe1 Ne5 39. Qe4 Qd1+ 40. Kh2 Nxf3+ 41. gxf3 Qd6+ 42. Kh1 Qe6 43. Qh4 Nd5 44. Qd8+ Kh7 45. Qh4+ Bh6 0-1

[Event "59.Camp. Veneto Quarti di Finale"]
[Site "Venezia Canal"]
[Date "1999.05.16"]
[Round "4.3"]
[White "Bianchi, Andrea"]
[Black "Renier, Renzo"]
[Result "1/2-1/2"]
[WhiteElo "2145"]
[BlackElo "1917"]
[Annotator "Gabriele Ballarin"]
[PlyCount "60"]
[EventDate "1999.05.14"]
[EventType "swiss"]
[EventCountry "ITA"]
[SourceTitle "CBM 001"]
[Source "ChessBase"]
[SourceDate "2004.01.01"]
[SourceVersion "1"]
[SourceVersionDate "2004.01.01"]
[SourceQuality "1"]

1. e4 c5 2. Nf3 Nc6 3. d4 cxd4 4. Nxd4 Nf6 5. Nc3 e5 6. Ndb5 d6 7. Bg5 a6 8. Na3 Be6 9. Nd5 Bxd5 10. exd5 Qa5+ 11. c3 Qxd5 12. Qxd5 Nxd5 13. O-O-O Nf6 14. Nc4 Rd8 15. Nb6 Be7 16. f3 Nd5 17. Bxe7 Ndxe7 18. Bc4 Na5 19. Bd5 h5 20. b4 Nac6 21. Bb3 Rh6 22. Rd2 Nc8 23. Nd5 N6e7 24. Rhd1 Nxd5 25. Bxd5 Rd7 26. c4 Nb6 27. c5 Nxd5 28. Rxd5 Ke7 29. cxd6+ Rdxd6 30. Rxe5+ Kd7 1/2-1/2

[Event "59.Camp. Veneto Quarti di Finale"]
[Site "Venezia Canal"]
[Date "1999.05.16"]
[Round "4.5"]
[White "Rossi, Gianni"]
[Black "Pegoraro, Nicola"]
[Result "0-1"]
[WhiteElo "1722"]
[BlackElo "2072"]
[Annotator "Gabriele Ballarin"]
[PlyCount "52"]
[EventDate "1999.05.14"]
[EventType "swiss"]
[EventCountry "ITA"]
[SourceTitle "CBM 001"]
[Source "ChessBase"]
[SourceDate "2004.01.01"]
[SourceVersion "1"]
[SourceVersionDate "2004.01.01"]
[SourceQuality "1"]

1. e4 c5 2. Nf3 Nc6 3. d4 cxd4 4. Nxd4 Nf6 5. Nc3 e5 6. Nb3 Be7 7. a4 d6 8. Be2 O-O 9. Bd2 Be6 10. O-O d5 11. exd5 Nxd5 12. f3 Qb6+ 13. Kh1 Ne3 14. Bxe3 Qxe3 15. Qd3 Qxd3 16. Bxd3 Nb4 17. Nd2 Nxd3 18. cxd3 Rad8 19. Nc4 f6 20. Ne4 Rxd3 21. Rac1 Bb4 22. Na3 Bxa3 23. bxa3 Rc8 24. Rxc8+ Bxc8 25. Kg1 Bf5 26. Ra1 Bxe4 0-1

[Event "59.Camp. Veneto Quarti di Finale"]
[Site "Venezia Canal"]
[Date "1999.05.16"]
[Round "4.6"]
[White "Viola, Matteo"]
[Black "De Donatis, Daniele"]
[Result "0-1"]
[WhiteElo "1880"]
[BlackElo "1600"]
[Annotator "Gabriele Ballarin"]
[PlyCount "73"]
[EventDate "1999.05.14"]
[EventType "swiss"]
[EventCountry "ITA"]
[SourceTitle "CBM 001"]
[Source "ChessBase"]
[SourceDate "2004.01.01"]
[SourceVersion "1"]
[SourceVersionDate "2004.01.01"]
[SourceQuality "1"]

1. d4 Nf6 2. Nc3 e6 3. e4 c5 4. Nf3 cxd4 5. Nxd4 a6 6. Be3 Bb4 7. Bd3 Qc7 8. Bd2 b5 9. O-O Bc5 10. Nb3 Bb6 11. Qe2 Nc6 12. Kh1 Bb7 13. Rae1 h5 14. Nd5 Nxd5 15. exd5 Nd4 16. Nxd4 Bxd4 17. c3 Bf6 18. dxe6 dxe6 19. f4 h4 20. h3 O-O-O 21. Rf2 Rd7 22. Be3 Rhd8 23. Bc2 Bd5 24. Ra1 Qc6 25. a4 Bc4 26. Qe1 Bd3 27. Bxd3 Rxd3 28. axb5 Qxb5 29. Re2 Qd5 30. Qf2 Qb7 31. Ra4 Be7 32. Rc4+ Kb8 33. Bb6 Rxh3+ 34. Kg1 Rd1+ 35. Re1 Rxe1+ 36. Qxe1 Qxb6+ 37. Rd4 0-1

[Event "59.Camp. Veneto Quarti di Finale"]
[Site "Venezia Canal"]
[Date "1999.05.16"]
[Round "4.7"]
[White "Di Giacomo, Antonio"]
[Black "Zarpellon, Daniel"]
[Result "1-0"]
[WhiteElo "1552"]
[BlackElo "1642"]
[Annotator "Gabriele Ballarin"]
[PlyCount "59"]
[EventDate "1999.05.14"]
[EventType "swiss"]
[EventCountry "ITA"]
[SourceTitle "CBM 001"]
[Source "ChessBase"]
[SourceDate "2004.01.01"]
[SourceVersion "1"]
[SourceVersionDate "2004.01.01"]
[SourceQuality "1"]

1. e4 c5 2. Nf3 e6 3. Be2 Nc6 4. d4 cxd4 5. Nxd4 Nf6 6. Nxc6 bxc6 7. Nd2 Qc7 8. O-O Bc5 9. Kh1 O-O 10. f4 Be3 11. e5 Nd5 12. Nc4 Bc5 13. Nd6 Bxd6 14. exd6 Qb6 15. c4 Ne3 16. Bxe3 Qxe3 17. Qc2 a5 18. Rad1 Ba6 19. Rf3 Qc5 20. f5 Rab8 21. b3 a4 22. f6 Qe5 23. Bd3 h6 24. Rdf1 g5 25. Qd1 g4 26. Rf4 Kh8 27. Bc2 axb3 28. axb3 Qc3 29. Qc1 Qe5 30. Rf5 1-0

[Event "59.Camp. Veneto Quarti di Finale"]
[Site "Venezia Canal"]
[Date "1999.05.16"]
[Round "4.7"]
[White "Quaranta, Gaetano"]
[Black "Battagin_214, Mosè"]
[Result "0-1"]
[WhiteElo "1588"]
[BlackElo "1897"]
[Annotator "Gabriele Ballarin"]
[PlyCount "68"]
[EventDate "1999.05.14"]
[EventType "swiss"]
[EventCountry "ITA"]
[SourceTitle "CBM 001"]
[Source "ChessBase"]
[SourceDate "2004.01.01"]
[SourceVersion "1"]
[SourceVersionDate "2004.01.01"]
[SourceQuality "1"]

1. e4 d6 2. d4 Nf6 3. Nc3 g6 4. Nf3 Bg7 5. Bc4 O-O 6. O-O Nxe4 7. Bxf7+ Rxf7 8. Nxe4 h6 9. h3 Qf8 10. Nh2 Nc6 11. Be3 g5 12. c3 Bf5 13. Ng3 Bg6 14. Nf3 Re8 15. Qb3 e6 16. Qxb7 Ne7 17. Qxa7 Nd5 18. Qa6 Nf4 19. Bxf4 gxf4 20. Ne2 Bh5 21. Qd3 e5 22. dxe5 dxe5 23. Qe4 Re6 24. Nh4 Qe7 25. Nf5 Rxf5 26. Qxf5 Bxe2 27. Rfe1 f3 28. gxf3 Rf6 29. Qc2 Bxf3 30. Re3 e4 31. Rae1 Rg6+ 32. Kf1 Rg1+ 33. Kxg1 Qg5+ 34. Kf1 Qg2# 0-1

[Event "59.Camp. Veneto Quarti di Finale"]
[Site "Venezia Canal"]
[Date "1999.05.16"]
[Round "4.8"]
[White "Pavon, Michele"]
[Black "Pechy, Alaster"]
[Result "1-0"]
[WhiteElo "1609"]
[BlackElo "1597"]
[Annotator "Gabriele Ballarin"]
[PlyCount "39"]
[EventDate "1999.05.14"]
[EventType "swiss"]
[EventCountry "ITA"]
[SourceTitle "CBM 001"]
[Source "ChessBase"]
[SourceDate "2004.01.01"]
[SourceVersion "1"]
[SourceVersionDate "2004.01.01"]
[SourceQuality "1"]

1. e4 e5 2. Nf3 Nc6 3. Nc3 Nf6 4. d4 exd4 5. Nxd4 Nxd4 6. Qxd4 d6 7. Be3 Be7 8. f3 O-O 9. O-O-O Be6 10. g4 Nd7 11. Qd2 Ne5 12. Be2 c6 13. h3 Qa5 14. Kb1 Rad8 15. Nd5 Qa4 16. Nxe7+ Kh8 17. b3 Qa3 18. f4 d5 19. fxe5 Qxe7 20. Qc3 1-0

[Event "59.Camp. Veneto Quarti di Finale"]
[Site "Venezia Canal"]
[Date "1999.05.16"]
[Round "5.2"]
[White "Rosino, Antonio"]
[Black "Ventura, Boris"]
[Result "1-0"]
[WhiteElo "2275"]
[BlackElo "2115"]
[Annotator "Gabriele Ballarin"]
[PlyCount "33"]
[EventDate "1999.05.14"]
[EventType "swiss"]
[EventCountry "ITA"]
[SourceTitle "CBM 001"]
[Source "ChessBase"]
[SourceDate "2004.01.01"]
[SourceVersion "1"]
[SourceVersionDate "2004.01.01"]
[SourceQuality "1"]

1. e4 e5 2. Nf3 Nc6 3. Nc3 Bc5 4. Nxe5 Nxe5 5. d4 Bxd4 6. Qxd4 d6 7. Be2 Ne7 8. f4 N7c6 9. Qf2 Nd7 10. Be3 Nf6 11. Qg3 Qe7 12. O-O-O Bd7 13. e5 dxe5 14. fxe5 Nxe5 15. Bf4 Ng6 16. Bxc7 Bc6 17. Rhe1 1-0

[Event "59.Camp. Veneto Quarti di Finale"]
[Site "Venezia Canal"]
[Date "1999.05.16"]
[Round "5.3"]
[White "De Donatis, Daniele"]
[Black "Bianchi, Andrea"]
[Result "0-1"]
[WhiteElo "1600"]
[BlackElo "2145"]
[Annotator "Gabriele Ballarin"]
[PlyCount "48"]
[EventDate "1999.05.14"]
[EventType "swiss"]
[EventCountry "ITA"]
[SourceTitle "CBM 001"]
[Source "ChessBase"]
[SourceDate "2004.01.01"]
[SourceVersion "1"]
[SourceVersionDate "2004.01.01"]
[SourceQuality "1"]

1. e4 e5 2. Nf3 Nf6 3. Bc4 Nxe4 4. Qe2 d5 5. d3 Nf6 6. Qxe5+ Be6 7. Bb3 Bd6 8. Qe2 O-O 9. O-O Re8 10. Bg5 Nc6 11. Nbd2 h6 12. Bxf6 Qxf6 13. Rab1 Ne5 14. Nxe5 Bxe5 15. Qf3 Qg5 16. Rfe1 Bxb2 17. Rxb2 Qxd2 18. Reb1 Bg4 19. Qe3 Rxe3 20. fxe3 Qxe3+ 21. Kh1 Re8 22. h3 Bxh3 23. gxh3 Qxh3+ 24. Kg1 Re2 0-1

[Event "59.Camp. Veneto Quarti di Finale"]
[Site "Venezia Canal"]
[Date "1999.05.16"]
[Round "5.4"]
[White "Renier, Renzo"]
[Black "Rossi, Gianni"]
[Result "1/2-1/2"]
[WhiteElo "1917"]
[BlackElo "1722"]
[Annotator "Gabriele Ballarin"]
[PlyCount "32"]
[EventDate "1999.05.14"]
[EventType "swiss"]
[EventCountry "ITA"]
[SourceTitle "CBM 001"]
[Source "ChessBase"]
[SourceDate "2004.01.01"]
[SourceVersion "1"]
[SourceVersionDate "2004.01.01"]
[SourceQuality "1"]

1. e4 Nf6 2. e5 Nd5 3. d4 d6 4. Nf3 g6 5. Bc4 c6 6. O-O Bg7 7. c3 O-O 8. Bg5 Bg4 9. Qb3 Bxf3 10. Qxb7 Nb6 11. gxf3 dxe5 12. Bb3 Qd7 13. Qxd7 N8xd7 14. Bxe7 Rfe8 15. Bc5 exd4 16. Bxd4 Re2 1/2-1/2

[Event "59.Camp. Veneto Quarti di Finale"]
[Site "Venezia Canal"]
[Date "1999.05.16"]
[Round "5.5"]
[White "Battagin_214, Mosè"]
[Black "Pavon, Michele"]
[Result "1-0"]
[WhiteElo "1897"]
[BlackElo "1609"]
[Annotator "Gabriele Ballarin"]
[PlyCount "67"]
[EventDate "1999.05.14"]
[EventType "swiss"]
[EventCountry "ITA"]
[SourceTitle "CBM 001"]
[Source "ChessBase"]
[SourceDate "2004.01.01"]
[SourceVersion "1"]
[SourceVersionDate "2004.01.01"]
[SourceQuality "1"]

1. e4 c5 2. Nc3 Nc6 3. f4 d6 4. Bb5 Bd7 5. Nf3 e6 6. O-O g6 7. d3 Bg7 8. Bd2 Nge7 9. Qe1 O-O 10. a3 Nd4 11. Bxd7 Nxf3+ 12. Rxf3 Qxd7 13. Rb1 Nc6 14. Ne2 d5 15. e5 f6 16. exf6 Bxf6 17. c3 Bh8 18. b4 b6 19. Qf2 Rac8 20. Kh1 Bg7 21. Rf1 e5 22. Qh4 e4 23. Rh3 Bh8 24. Rd1 Rf7 25. dxe4 dxe4 26. Qe1 Qe6 27. Re3 Ne7 28. Ng3 Rxf4 29. Nxe4 Nd5 30. Ng5 Qc6 31. Re6 Qb7 32. Bxf4 Nxf4 33. Re8+ Kg7 34. Re7+ 1-0

[Event "59.Camp. Veneto Quarti di Finale"]
[Site "Venezia Canal"]
[Date "1999.05.16"]
[Round "5.6"]
[White "Viola, Matteo"]
[Black "Di Giacomo, Antonio"]
[Result "1-0"]
[WhiteElo "1880"]
[BlackElo "1552"]
[Annotator "Gabriele Ballarin"]
[PlyCount "73"]
[EventDate "1999.05.14"]
[EventType "swiss"]
[EventCountry "ITA"]
[SourceTitle "CBM 001"]
[Source "ChessBase"]
[SourceDate "2004.01.01"]
[SourceVersion "1"]
[SourceVersionDate "2004.01.01"]
[SourceQuality "1"]

1. d4 Nf6 2. Nc3 g6 3. e4 d6 4. f4 Bg7 5. Nf3 O-O 6. e5 dxe5 7. fxe5 Nd5 8. h4 Bg4 9. Be2 Nc6 10. Ne4 Ndb4 11. c3 Nd5 12. Nf2 Bxf3 13. Bxf3 f5 14. Qb3 e6 15. Qxb7 Qd7 16. Nd3 Rfb8 17. Nc5 Qe8 18. Qa6 Bf8 19. Qc4 Na5 20. Qe2 Bxc5 21. dxc5 c6 22. Bg5 Nb7 23. Qf2 Nd8 24. Bxd5 exd5 25. O-O-O Ne6 26. Bf6 Rb7 27. h5 Nf8 28. hxg6 Qxg6 29. Rh3 Rab8 30. Rg3 Rxb2 31. Rxg6+ hxg6 32. Qxb2 Rxb2 33. Kxb2 Ne6 34. Rh1 Nxc5 35. Rh8+ Kf7 36. Rh7+ Kg8 37. Rxa7 1-0

[Event "59.Camp. Veneto Quarti di Finale"]
[Site "Venezia Canal"]
[Date "1999.05.16"]
[Round "5.7"]
[White "Roberti, Ignazio"]
[Black "Pechy, Alaster"]
[Result "1/2-1/2"]
[WhiteElo "1652"]
[BlackElo "1597"]
[Annotator "Gabriele Ballarin"]
[PlyCount "138"]
[EventDate "1999.05.14"]
[EventType "swiss"]
[EventCountry "ITA"]
[SourceTitle "CBM 001"]
[Source "ChessBase"]
[SourceDate "2004.01.01"]
[SourceVersion "1"]
[SourceVersionDate "2004.01.01"]
[SourceQuality "1"]

1. e4 e5 2. Nf3 Nc6 3. Bb5 a6 4. Ba4 Bc5 5. c3 b5 6. Bc2 d6 7. h3 h6 8. O-O Bb7 9. d4 Bb6 10. dxe5 dxe5 11. Qe2 Qf6 12. Nbd2 Nge7 13. Re1 O-O 14. Nf1 Ng6 15. Ng3 Nce7 16. Bd2 Nh4 17. Nxh4 Qxh4 18. Nf5 Nxf5 19. exf5 e4 20. Be3 Qf6 21. Bxb6 Qxb6 22. Bxe4 Rae8 23. Qf3 Rxe4 24. Rxe4 Bxe4 25. Qxe4 Rd8 26. Re1 Qd6 27. g3 c5 28. g4 c4 29. Kg2 Kf8 30. f4 Qd5 31. Qxd5 Rxd5 32. Re2 Rd3 33. h4 f6 34. h5 a5 35. Rc2 a4 36. Kf2 Ke7 37. Re2+ Kf7 38. Rc2 Ke7 39. a3 Kf7 40. Re2 Kf8 41. Kf1 Rf3+ 42. Rf2 Rg3 43. Rg2 Rf3+ 44. Ke2 Rd3 45. Rg1 Rh3 46. Rg2 Kf7 47. Kf2 Rd3 48. Kf1 Rf3+ 49. Ke2 Rd3 50. g5 Rh3 51. gxh6 gxh6 52. Kf2 Rxh5 53. Ke3 Rxf5 54. Rh2 Kg6 55. Ke4 Rc5 56. Rg2+ Kf7 57. f5 Re5+ 58. Kf4 h5 59. Rd2 Ke7 60. Rh2 h4 61. Kg4 h3 62. Kf4 Re1 63. Rxh3 Re2 64. Re3+ Rxe3 65. Kxe3 Kd6 66. Ke4 Kc5 67. Ke3 Kd5 68. Kf4 Kd6 69. Ke4 Kc5 1/2-1/2

[Event "59.Camp. Veneto Quarti di Finale"]
[Site "Venezia Canal"]
[Date "1999.05.16"]
[Round "5.8"]
[White "Zarpellon, Daniel"]
[Black "Salata, Alessio"]
[Result "1/2-1/2"]
[WhiteElo "1642"]
[BlackElo "1552"]
[Annotator "Gabriele Ballarin"]
[PlyCount "40"]
[EventDate "1999.05.14"]
[EventType "swiss"]
[EventCountry "ITA"]
[SourceTitle "CBM 001"]
[Source "ChessBase"]
[SourceDate "2004.01.01"]
[SourceVersion "1"]
[SourceVersionDate "2004.01.01"]
[SourceQuality "1"]

1. e4 c5 2. Nf3 Nc6 3. d4 cxd4 4. Nxd4 Nf6 5. Nc3 e6 6. Nxc6 bxc6 7. Bg5 Be7 8. e5 Nd5 9. Bxe7 Qxe7 10. Nxd5 cxd5 11. Be2 O-O 12. O-O Rb8 13. b3 d6 14. exd6 Qxd6 15. c4 Rd8 16. cxd5 Qxd5 17. Qxd5 Rxd5 18. Rfd1 Bb7 19. Rxd5 Bxd5 20. Rc1 g6 1/2-1/2

[Event "59.Camp. Veneto Quarti di Finale"]
[Site "Venezia Canal"]
[Date "1999.05.16"]
[Round "5.9"]
[White "Ceccherini, Paolo"]
[Black "Quaranta, Gaetano"]
[Result "1/2-1/2"]
[WhiteElo "1606"]
[BlackElo "1588"]
[Annotator "Gabriele Ballarin"]
[PlyCount "43"]
[EventDate "1999.05.14"]
[EventType "swiss"]
[EventCountry "ITA"]
[SourceTitle "CBM 001"]
[Source "ChessBase"]
[SourceDate "2004.01.01"]
[SourceVersion "1"]
[SourceVersionDate "2004.01.01"]
[SourceQuality "1"]

1. e4 e5 2. f4 d5 3. exd5 e4 4. d4 Nf6 5. c4 c6 6. Nc3 cxd5 7. cxd5 Bb4 8. Qa4+ Nc6 9. dxc6 Bxc3+ 10. bxc3 O-O 11. Bc4 Ng4 12. g3 Qc7 13. Ne2 bxc6 14. Rb1 Bb7 15. O-O Rfe8 16. Ba3 Rad8 17. Qb3 Ba8 18. Bc5 Qd7 19. Qa3 Ne3 20. Qa4 Qh3 21. Rf2 Ng4 22. Rg2 1/2-1/2

[Event "AUT-chT2S 9900"]
[Site "Austria"]
[Date "1999.10.09"]
[Round "1.1"]
[White "Eingorn, Vereslav S"]
[Black "Ruck, Robert"]
[Result "1/2-1/2"]
[WhiteElo "2589"]
[BlackElo "2485"]
[Annotator "Gabriele Ballarin"]
[PlyCount "78"]
[EventDate "1999.10.??"]
[EventType "team"]
[EventRounds "11"]
[EventCountry "AUT"]
[SourceTitle "EXT 2002"]
[Source "ChessBase"]
[SourceDate "2001.11.25"]
[SourceVersion "1"]
[SourceVersionDate "2001.11.25"]
[SourceQuality "1"]

1. Nf3 Nf6 2. c4 g6 3. Nc3 d5 4. cxd5 Nxd5 5. h4 h6 6. e4 Nxc3 7. bxc3 Bg7 8. d4 c5 9. Rb1 O-O 10. Be2 Qa5 11. Rb5 Qxc3+ 12. Bd2 Qa3 13. Ra5 Qb2 14. Rxc5 Bg4 15. Rc2 Qa3 16. O-O Nc6 17. Be3 Rfd8 18. Rd2 Rac8 19. d5 Na5 20. Rc2 Rxc2 21. Qxc2 Rc8 22. Qb1 a6 23. Bd2 Nc4 24. Bb4 Qa4 25. Bxe7 Qd7 26. Bb4 a5 27. Rc1 axb4 28. Rxc4 Rxc4 29. Bxc4 Bxf3 30. gxf3 Qh3 31. Qd3 Be5 32. f4 Qxd3 33. Bxd3 Bxf4 34. h5 g5 35. Kg2 Kg7 36. Kf3 Kf6 37. Kg4 Bd6 38. Bc2 Ke5 39. f3 f6 1/2-1/2